| 000 | 00323nam a22001337a 4500 | ||
|---|---|---|---|
| 020 | _a9789692347105 | ||
| 040 | _cNUST | ||
| 082 | _a891.4391 AMM | ||
| 100 |
_aEmad Ahmad _9103880 |
||
| 245 | _aQalb-O- Aagahi | ||
| 260 |
_aLahore: _bAmmad Ahmad, _c2020. |
||
| 650 |
_aUrdu Poetry-Qalb-O- Aagahi _998679 |
||
| 942 |
_2ddc _cBK |
||
| 999 |
_c590890 _d590890 |
||